• 首页
  • 本馆介绍
  • 公告通知
  • 最新文献
  • 馆藏检索
  • 电子资源
  • 读者导购
  • 参考咨询
  • 我的图书馆
  • 登录
  • 详细信息显示
  • 放入我的书架
  • 预约/预借图书
  • 作者相关作品
  • 分类相关作品
  • 丛书相关作品
  • 出版社相关作品

书目信息

  • 表格格式
  • 工作单格式
  • 卡片格式
题名:
科学技术发展与美国就业问题
    
 
作者: 朱传一 编
分册:  
出版信息: 北京   劳动人事出版社  1985
页数: 238页
开本: 19cm
丛书名:
单 册:
中图分类: F712.241 , F171.241
科图分类:
主题词: 经济--世界 , 经济史--世界 , 经济地理--世界
电子资源:
ISBN:
000 00752nam0 2200277 45
001 0185002011
005 20131014141928.06
010    @dCNY1.35
091    @a4238.0096
100    @a19900823d1985 kemy0chiy0121 ea
101 0  @achi
102    @aCN@b110000
105    @ay z 000yy
106    @ar
200 10 @a科学技术发展与美国就业问题@Ake xue ji shu fa zhan yu mei guo jiu ye wen ti@f朱传一编
210    @a北京@c劳动人事出版社@d1985
215    @a238页@d19cm
606 0  @a经济@x世界
606 0  @a经济史@x世界
606 0  @a经济地理@x世界
690    @aF712.241@v3
690    @aF171.241@v4
701  0 @a朱传一@Azhu chuan yi@4编
801  0 @aCN@b深圳图书馆@c20061028
801  2 @aCN@bNLC@c20040424
905    @f2@b178403-404@dF171.241@e60
    
    科学技术发展与美国就业问题/朱传一编.-北京:劳动人事出版社,1985
    238页;19cm
    
    
    ISBN :CNY1.35
    
●
相关链接 在E读中查询图书 在五车中查询图书 在当当中查询图书 在豆瓣中查询图书


正题名:科学技术发展与美国就业问题     索取号:F171.241/60         预约/预借

序号 登录号 条形码 馆藏地/架位号 状态 备注
1 0178403   000203434   密集书库/ [索取号:F171.241/60] 在馆    
2 0178404   000203425   第一借阅区/ [索取号:F171.241/60] 在馆    
3 0178405   000203407   第一样本阅览室/ [索取号:F171.241/60] 在馆    
唐山师范学院图书馆 欢迎您!
大连网信软件有限公司© 版权所有